01393nam a2200265 a 450000100100000000500170001000800410002702000180006804000250008610000240011124501270013526000640026230000210032649000440034750000420039150000480043370000410048183000490052295201050057195201110067695201110078795201060089895201060100499900170111000004481320240223170016.0150113s2014 dr 000 0 spa d a9789945891430 aDO-SdBNPbspacBNPHU1 aWells, Allen97283913aUn sion Tropical :bel general Trujillo, Franklin Roosevelt y los judíos de Sosúa /ctraductorNatalia Sanz González. aSanto Domingo :bAcademia Dominicana de la Historia,c2014. a679 p. ;c25 cm.1 aAcademia Dominicana de la Historiav117 aIncluye notas al pie de las páginas aIncluye datos biográficos del autor en al1 aSanz González, Nataliaetr.972840 aAcademia Dominicana de la Historiav1179770 0010718PDaGRbGRcCTd2015-01-13iLF1l0o p44813-30r2020-06-25w2020-06-25yLFPDZNo se presta 0010718PDaPDbPDcCTd2015-01-13iLF1l0o p44813-10r2020-06-25te. 2w2020-06-25yLFPDZNo se presta 0010718DSaPDbPDcCTd2015-01-13iLF1l0o p44813-20r2020-06-25te. 3w2020-06-25yLFDSZNo se presta 00107-18PDaPDbPDcOId2015-01-13iLF1l0o p44815-10r2020-06-25w2020-06-25yLFPDZNo se presta 00107-18PDaPDbPDcOId2015-01-13iLF1l0o p44816-10r2020-06-25w2020-06-25yLFPDZNo se presta c44302d44302